[Event "San Pedro del Pinatar op 1st"]
[Site "San Pedro del Pinatar"]
[Date "2010.01.16"]
[Round "4"]
[White "Torres Grajales, Ramon"]
[Black "Caballero Frutos, Jose Alfredo"]
[Result "1-0"]
[WhiteElo "2083"]
[BlackElo "1729"]
[PlyCount "143"]
[EventDate "2010.01.15"]
[EventType "swiss"]
[EventRounds "7"]
[EventCountry "ESP"]
[SourceTitle "CBM 134 Extra"]
[Source "ChessBase"]
[SourceDate "2010.03.03"]
[SourceVersion "1"]
[SourceVersionDate "2010.03.03"]
[SourceQuality "1"]

1. e4 e5 2. Nf3 Nf6 3. Nxe5 d6 4. Nxf7 Kxf7 5. d4 g6 6. Nc3 Bg7 7. Bc4+ Be6 8. Bxe6+ Kxe6 9. 0-0 Kf7 10. f4 Re8 11. e5 Nbd7 12. exf6 Qxf6 13. Nb5 Re7 14. c3 Nb6 15. f5 Kg8 16. fxg6 Qxg6 17. Bd2 c6 18. Na3 d5 19. Qc2 Qxc2 20. Nxc2 Nc4 21. Bc1 Rf8 22. b3 Rxf1+ 23. Kxf1 Nb6 24. Bd2 Nd7 25. Re1 Rxe1+ 26. Nxe1 Nf6 27. Nd3 Ne4 28. Be1 Kf7 29. Nf2 Nd6 30. Ke2 Ke6 31. Bd2 b5 32. Kd3 a6 33. Bf4 Nc8 34. Ng4 h5 35. Be5 hxg4 36. Bxg7 Nd6 37. Bf8 Ne4 38. c4 bxc4+ 39. bxc4 Kf5 40. cxd5 cxd5 41. a3 Nf6 42. Ke3 Ne4 43. h3 gxh3 44. gxh3 Kg5 45. Be7+ Kf5 46. h4 Kg4 47. Kd3 Ng3 48. Bd8 Nf5 49. Kc3 Kf3 50. Bf6 Ng3 51. Kb4 Ke4 52. Ka5 Nf5 53. h5 Nh6 54. Bg7 Nf5 55. h6 Nxh6 56. Bxh6 Kxd4 57. Kxa6 Kc5 58. a4 Kc6 59. a5 d4 60. Ka7 Kc7 61. a6 d3 62. Bf4+ Kc8 63. Kb6 d2 64. a7 d1Q 65. a8Q+ Kd7 66. Qc6+ Ke7 67. Bg5+ Kf7 68. Qf6+ Kg8 69. Qg6+ Kf8 70. Qf6+ Kg8 71. Qe6+ Kh7 72. Qf7+ 1-0